[Event "Nagoya Open"]
[Site "?"]
[Date "2005.06.26"]
[Round "4"]
[White "G.Gonda"]
[Black "D.Morimoto"]
[Result "1-0"]
[WhiteElo "2044"]
[BlackElo "1590"]

1. d4 Nf6 2. c4 e6 3. Nc3 Bb4 4. e3 O-O 5. Ne2 d5 6. cxd5 exd5 7. a3 Bxc3+ 8.
Nxc3 c6 9. b4 Bf5 10. Be2 Re8 11. O-O Nbd7 12. Na4 b5 13. Nc5 Nxc5 14. dxc5 a5
15. Bb2 axb4 16. axb4 Qe7 17. Qd4 Qe4 18. Qxe4 Nxe4 19. Bd3 Bg6 20. Rfd1 f6 21.
h4 Bh5 22. f3 f5 23. g4 fxg4 24. fxe4 dxe4 25. Rxa8 Rxa8 26. Bxe4 Ra2 27. Be5
1-0

[Event "Nagoya Open"]
[Site "?"]
[Date "2005.06.26"]
[Round "4"]
[White "M.Okada"]
[Black "A.Kida"]
[Result "1-0"]
[WhiteElo "1810"]
[BlackElo "1254"]

1. e4 c5 2. Nf3 Nc6 3. d4 cxd4 4. Nxd4 d6 5. c4 Nf6 6. Nc3 a6 7. Be2 g6 8. Be3
Bg7 9. O-O O-O 10. h3 Re8 11. Qd2 Bd7 12. Nc2 Ne5 13. f4 Nc6 14. Rab1 Rc8 15.
b4 Nb8 16. Nd4 b6 17. Nf3 Rf8 18. e5 Ne8 19. Nd5 Bf5 20. Bxb6 Qd7 21. Rbc1 e6
22. Ne3 f6 23. Nxf5 gxf5 24. Rfd1 Rc6 25. Ba5 Rf7 26. Qe3 Bf8 27. exf6 Rxf6 28.
Ne5 Qg7 29. Bd8 Be7 30. Bxe7 Qxe7 31. Nxc6 Nxc6 32. b5 axb5 33. cxb5 Nd8 34.
Bf3 Nc7 35. b6 Na6 36. Qa3 Nc5 37. Qa7 Kf8 38. Qc7 1-0

[Event "Nagoya Open"]
[Site "?"]
[Date "2005.06.26"]
[Round "4"]
[White "N.Takayasu"]
[Black "P.Robertson"]
[Result "1/2-1/2"]
[WhiteElo "1577"]
[BlackElo "1648"]

1. e4 c5 2. c3 d5 3. exd5 Qxd5 4. d4 e6 5. Nf3 Nc6 6. Be2 Nf6 7. O-O Be7 8. c4
Qd8 9. dxc5 Qxd1 10. Rxd1 Bxc5 11. Nc3 a6 12. b3 O-O 13. Bb2 Bd7 14. Na4 Ne4
15. Rxd7 Bxf2+ 16. Kh1 Nb4 17. Ba3 Nc2 18. Bxf8 Nxa1 19. Be7 Nc2 20. Rd8+ Rxd8
21. Bxd8 Ba7 22. Bb6 Bb8 23. Nc5 Nc3 24. Bd3 Nb4 25. a3 Nxd3 26. Nxd3 Bd6 27.
a4 Ne4 28. Nde5 Nc5 29. Bxc5 Bxc5 30. Nd7 Be3 31. g4 f6 32. h3 Kf7 33. b4 b6
34. c5 bxc5 35. Nxc5 a5 36. Nd3 e5 37. Nfxe5+ fxe5 38. bxa5 e4 39. Ne5+ Ke6 40.
Nc4 Ba7 41. Kg2 Kd5 42. Nb6+ Kc6 43. Kf2 Kb7 44. Ke3 Ka6 45. Kxe4 Kxa5 46. Nd7
Kxa4 47. h4 h5 48. gxh5 Bf2 49. h6 gxh6 50. h5 Kb5 51. Nf6 Bh4 52. Kf5 Kc6
1/2-1/2

[Event "Nagoya Open"]
[Site "?"]
[Date "2005.06.26"]
[Round "4"]
[White "T.Masui"]
[Black "Y.Yokomizo"]
[Result "1-0"]
[WhiteElo "1376"]
[BlackElo "1738"]

1. e4 d6 2. d4 g6 3. Nc3 Bg7 4. Be3 c6 5. Be2 Qc7 6. h4 Nd7 7. f4 e5 8. Nf3
exf4 9. Bxf4 Ngf6 10. Qd2 a6 11. Rg1 b5 12. a3 a5 13. g4 Bb7 14. e5 dxe5 15.
dxe5 Ng8 16. e6 Ne5 17. Bxe5 Bxe5 18. Nxe5 fxe6 19. O-O-O Nf6 20. g5 Nd5 21.
Nxd5 exd5 22. Qe3 O-O-O 23. Rgf1 Rhe8 24. Qa7 Rxe5 25. Bg4+ Rf5 26. Rxf5 gxf5
27. Bxf5+ Rd7 28. Rf1 Kd8 29. Bxd7 Qxd7 30. Qb8+ Ke7 31. Qf8+ 1-0

[Event "Nagoya Open"]
[Site "?"]
[Date "2005.06.26"]
[Round "4"]
[White "S.Ohtake"]
[Black "Iizuka"]
[Result "1-0"]
[WhiteElo "1730"]
[BlackElo "1339"]

1. e4 e5 2. Nf3 Nc6 3. d4 exd4 4. Nxd4 Nf6 5. Nxc6 dxc6 6. Qxd8+ Kxd8 7. Bg5
Be7 8. Nc3 Bg4 9. f3 Bh5 10. O-O-O+ Nd7 11. Bxe7+ Kxe7 12. g4 Bg6 13. f4 h6 14.
h4 Nf6 15. Bh3 Kf8 16. f5 Bh7 17. e5 Ne8 18. g5 f6 19. exf6 gxf6 20. g6 Bg8 21.
Rhg1 h5 22. Ne4 Bd5 23. Nxf6 Kg7 24. Nxe8+ Rhxe8 25. Rdf1 Kf6 26. Rg5 Re3 27.
Bg2 Bxg2 28. Rxg2 Rh3 29. g7 Kf7 30. Rd1 Rxh4 31. Rd7+ Kg8 32. Rg6 Kh7 33.
g8=Q# 1-0

[Event "Nagoya Open"]
[Site "?"]
[Date "2005.06.26"]
[Round "4"]
[White "K.Sakamoto"]
[Black "I.Kashiwagi"]
[Result "0-1"]
[WhiteElo "1306"]
[BlackElo "1472"]

1. e4 c5 2. c3 d6 3. d4 cxd4 4. cxd4 e6 5. Nf3 Nf6 6. Nc3 Be7 7. Bd3 O-O 8. O-O
a6 9. Bg5 h6 10. Be3 Nc6 11. a3 Rb8 12. Rc1 Ng4 13. Bd2 Qb6 14. d5 Nce5 15.
Nxe5 Nxe5 16. Na4 Qd8 17. Bb1 b5 18. Nc3 Nc4 19. Bxh6 gxh6 20. Qg4+ Kh8 21. Qh5
Bg5 22. f4 Bxf4 23. Rxf4 Qg5 24. Qf3 e5 25. Rf6 Qxc1+ 26. Kf2 Qg5 0-1

[Event "Nagoya Open"]
[Site "?"]
[Date "2005.06.26"]
[Round "5"]
[White "K.Noguchi"]
[Black "A.Koike"]
[Result "0-1"]
[WhiteElo "1870"]
[BlackElo "1995"]

1. c4 c6 2. g3 d5 3. Bg2 Nf6 4. Nf3 Bf5 5. b3 e6 6. Bb2 Bd6 7. O-O O-O 8. d3 h6
9. Nbd2 Qe7 10. Ne5 Bh7 11. e4 dxe4 12. dxe4 Ba3 13. Qc1 Bxb2 14. Qxb2 Rd8 15.
b4 Nbd7 16. Nxd7 Nxd7 17. e5 Nxe5 18. Qxe5 Rxd2 19. b5 c5 20. Rfd1 Rad8 21.
Rxd2 Rxd2 22. Qb8+ Qd8 23. Qxd8+ Rxd8 24. Bxb7 Bd3 25. Rd1 Rd4 26. f4 Bxc4 27.
Rc1 Kf8 28. Ba6 Bxa2 29. Rxc5 Rc4 30. b6 Rxc5 31. b7 Rc1+ 0-1

[Event "Nagoya Open"]
[Site "?"]
[Date "2005.06.26"]
[Round "5"]
[White "T.Sano"]
[Black "S.Misaka"]
[Result "1/2-1/2"]
[WhiteElo "2005"]
[BlackElo "2063"]

1. e4 e6 2. d4 d5 3. Nd2 Nf6 4. e5 Nfd7 5. c3 b6 6. Ngf3 Be7 7. Bd3 Ba6 8. Bxa6
Nxa6 9. Qe2 Nab8 10. O-O c5 11. a3 1/2-1/2

[Event "Nagoya Open"]
[Site "?"]
[Date "2005.06.26"]
[Round "5"]
[White "M.Okada"]
[Black "K.Looijmans"]
[Result "0-1"]
[WhiteElo "1810"]
[BlackElo "2175"]

1. e4 c5 2. Nf3 e6 3. d4 cxd4 4. Nxd4 Nc6 5. Nb5 d6 6. c4 Nf6 7. N1c3 a6 8. Na3
Be7 9. Be2 O-O 10. O-O Qc7 11. Be3 b6 12. Qd2 Bb7 13. Rac1 Ne5 14. f3 Rfd8 15.
Rfd1 Ned7 16. Nc2 a5 17. a3 Ba6 18. Nb5 Bxb5 19. cxb5 Qb7 20. Nd4 Ne5 21. Nc6
Nxc6 22. bxc6 Qc7 23. Qd4 Rab8 24. b4 e5 25. Qc4 b5 26. Qc3 axb4 27. axb4 d5
28. Bc5 d4 29. Qc2 Bd6 30. Bxd6 Rxd6 31. Qc5 Rdd8 32. Bxb5 Rb6 33. Ba4 Ra8 34.
Bb3 Rab8 35. Rc4 Rb5 36. Qxb5 Rxb5 37. Ra1 Rb8 38. Ba4 Ne8 39. b5 Qb6 40. Kf1
Nc7 41. Rb1 Kf8 42. Bc2 Ra8 43. Ke2 Ra2 44. Kd3 Ra3+ 45. Kd2 Ke7 46. Rbb4 d3
47. Bxd3 Qf2+ 48. Kc1 Rxd3 49. Rc2 Qe1+ 0-1

[Event "Nagoya Open"]
[Site "?"]
[Date "2005.06.26"]
[Round "5"]
[White "T.Masui"]
[Black "G.Gonda"]
[Result "0-1"]
[WhiteElo "1376"]
[BlackElo "2044"]

1. e4 e5 2. Bc4 Nf6 3. d3 Bc5 4. Nf3 Nc6 5. O-O d6 6. Bg5 h6 7. Be3 Bb6 8. h3
O-O 9. Nbd2 Bxe3 10. fxe3 d5 11. exd5 Nxd5 12. Re1 Re8 13. Nf1 Na5 14. Bxd5
Qxd5 15. b3 Nc6 16. Ng3 Bd7 17. Qe2 Rad8 18. Rad1 Bc8 19. e4 Qc5+ 20. Qf2 Qxf2+
21. Kxf2 Nb4 22. Rd2 Nxa2 23. Ra1 Nb4 24. Rxa7 Nc6 25. Ra1 Be6 26. Ke2 Ra8 27.
Rdd1 f6 28. Kf2 Nb4 29. Ne1 c5 30. Ke2 b5 31. Kd2 Red8 32. Kc3 Na2+ 33. Kb2 Nb4
34. Kc3 Nc6 35. Ne2 h5 36. Kb2 b4 37. c4 bxc3+ 38. Kxc3 Rab8 39. Rdb1 Nd4 40.
Nxd4 cxd4+ 41. Kd2 Rxb3 42. Rxb3 Bxb3 43. Rb1 Bf7 44. Ra1 Rb8 45. Kc2 Rb3 46.
Ra8+ Kh7 47. Ra7 Rc3+ 48. Kd2 Bg6 49. Ra6 Be8 50. Ra8 Bg6 51. Ra6 Rb3 52. Kc2
Rb7 53. Ra8 Bf7 54. Ra1 g5 55. Ra6 Kg7 56. Ra1 h4 57. Ra6 Bh5 58. Nf3 Rc7+ 59.
Kd2 Be8 60. Ra8 Bb5 61. Ra1 Rc3 62. Ne1 Kg6 63. Ra8 Bd7 64. Ra7 Be6 65. Ra8 Kf7
66. Ra7+ Ke8 67. Ra8+ Ke7 68. Ra7+ Kd6 69. Ra6+ Rc6 70. Rxc6+ Kxc6 71. Nf3 Kd6
72. Ke2 Ke7 73. Kf2 Kf7 74. Ke2 Kg6 75. Kf2 Kh5 76. Nh2 g4 77. hxg4+ Bxg4 78.
Nf3 Bxf3 79. Kxf3 Kg5 80. Kf2 Kf4 81. Ke2 f5 82. exf5 Kxf5 83. Kf3 e4+ 84.
dxe4+ Ke5 85. Ke2 Kxe4 86. Kd2 Kf4 87. Ke2 Kg3 0-1

[Event "Nagoya Open"]
[Site "?"]
[Date "2005.06.26"]
[Round "5"]
[White "K.Kawashima"]
[Black "D.Morimoto"]
[Result "1-0"]
[WhiteElo "1799"]
[BlackElo "1590"]

1. d4 Nf6 2. Nf3 e6 3. e3 c5 4. c3 d5 5. Bd3 Nc6 6. O-O Bd6 7. Nbd2 e5 8. dxc5
Bxc5 9. Bb5 Bd6 10. Qe2 e4 11. Nd4 Bxh2+ 12. Kxh2 Ng4+ 13. Kg1 Qh4 14. N4f3
exf3 15. Nxf3 Qh5 16. e4 O-O 17. Bxc6 bxc6 18. Bf4 a5 19. Rfd1 Ba6 20. Qc2 dxe4
21. Qxe4 Nf6 22. Qxc6 Be2 23. Re1 Ra6 24. Qb7 Bxf3 25. Qxa6 Qg4 26. Bg3 Nh5 27.
gxf3 Qxf3 28. Re3 Qg4 29. Rae1 Nf4 30. Qd6 Ne6 31. Rxe6 fxe6 32. Qxe6+ Qxe6 33.
Rxe6 1-0

[Event "Nagoya Open"]
[Site "?"]
[Date "2005.06.26"]
[Round "5"]
[White "Y.Ozaki"]
[Black "N.Takayasu"]
[Result "1-0"]
[WhiteElo "1791"]
[BlackElo "1577"]

1. e4 c5 2. Nf3 Nc6 3. d4 cxd4 4. Nxd4 Nf6 5. Nc3 e5 6. Ndb5 d6 7. Bg5 a6 8.
Na3 b5 9. Nd5 Be7 10. Bxf6 Bxf6 11. c3 O-O 12. Be2 Be6 13. Nc2 Bxd5 14. Qxd5
Qd7 15. O-O Ne7 16. Qd3 d5 17. Bf3 Rfd8 18. Rad1 Rac8 19. exd5 Qf5 20. d6 Qxd3
21. Rxd3 Nc6 22. Rfd1 a5 23. Ne3 b4 24. Nd5 bxc3 25. bxc3 Rb8 26. Nxf6+ gxf6
27. Bxc6 Rb2 28. a4 f5 29. h3 Rb6 30. Bb5 e4 31. Rd5 Kg7 32. c4 Kf6 33. c5 1-0

[Event "Nagoya Open"]
[Site "?"]
[Date "2005.06.26"]
[Round "5"]
[White "I.Kashiwagi"]
[Black "S.Ohtake"]
[Result "0-1"]
[WhiteElo "1472"]
[BlackElo "1730"]

1. c4 c6 2. Nc3 Nf6 3. e3 e6 4. Nge2 d5 5. cxd5 cxd5 6. d4 Nc6 7. g3 Be7 8. Bg2
O-O 9. O-O b6 10. a3 Bb7 11. Qc2 Rc8 12. h3 Re8 13. Kh2 Bf8 14. Qd3 Na5 15. b4
Nc4 16. Rd1 Nd6 17. Bb2 Nfe4 18. Nxe4 dxe4 19. Qb1 Ba6 20. Nc3 Bd3 21. Rxd3
exd3 22. Qxd3 Nc4 23. Bc1 g6 24. b5 Bg7 25. Bc6 Ne5 26. Qe4 Nxc6 27. bxc6 a6
28. Bd2 Qd6 29. Qd3 e5 30. d5 Rxc6 31. Ne4 Qd8 32. d6 Qd7 33. Qxa6 f5 34. Ng5
e4 35. Bb4 Bxa1 0-1

[Event "Nagoya Open"]
[Site "?"]
[Date "2005.06.26"]
[Round "5"]
[White "A.Kida"]
[Black "P.Robertson"]
[Result "1/2-1/2"]
[WhiteElo "1254"]
[BlackElo "1648"]

1. e4 c5 2. Nf3 d6 3. Bc4 Nf6 4. Nc3 Nc6 5. a3 e6 6. O-O d5 7. exd5 exd5 8.
Re1+ Be7 9. Bb5 Bd7 10. d4 cxd4 11. Nxd4 O-O 12. Nxc6 bxc6 13. Bd3 c5 14. Bg5
Re8 15. Rb1 d4 16. Bxf6 Bxf6 17. Rxe8+ Qxe8 18. Nd5 Qe5 19. Nxf6+ Qxf6 20. Qh5
g6 21. Qxc5 Bc6 22. f3 Re8 23. Bb5 Bxb5 24. Qxb5 Re3 25. Qb8+ Kg7 26. Qxa7 Qe5
27. h3 Re2 28. Rf1 Rxc2 29. b4 Qe3+ 30. Kh2 Qd2 31. Rg1 Qf4+ 32. Kh1 d3 33. Qd7
d2 34. b5 Rc1 35. Qd3 Re1 36. Qc3+ Re5 37. Rd1 f6 38. Qxd2 Qxd2 39. Rxd2 Rxb5
40. Ra2 Ra5 41. Kg1 Kf7 42. Kf2 Ke6 43. Ke3 Kd5 44. Kd3 Kc5 45. Kc3 f5 46. Kb3
g5 47. Re2 Kd6 48. Kb4 Ra7 49. a4 h5 50. a5 Rb7+ 51. Kc4 Rb1 52. Ra2 Rc1+ 53.
Kd4 Rd1+ 54. Ke3 Re1+ 55. Kf2 Re8 56. a6 Ra8 57. a7 Ke6 58. Ra5 Kf6 59. g3 Ke6
60. Ke3 Kf6 61. f4 g4 62. hxg4 fxg4 63. Rxh5 Rxa7 64. Rg5 Ra3+ 65. Kf2 Ra2+ 66.
Ke1 Ra1+ 67. Kd2 Ra2+ 68. Kc1 Ra1+ 69. Kb2 Rf1 70. Rxg4 Rf2+ 71. Kc3 Kf5 72.
Rh4 Rf3+ 73. Kd4 Rxg3 74. Rh8 Kxf4 75. Rf8+ Kg5 76. Ke4 Ra3 1/2-1/2

[Event "Nagoya Open"]
[Site "?"]
[Date "2005.06.26"]
[Round "5"]
[White "N.Shirasaka"]
[Black "H.Iizuka"]
[Result "1-0"]
[WhiteElo "1501"]
[BlackElo "1339"]

1. g3 e5 2. Bg2 d5 3. Nf3 Qf6 4. d3 Bc5 5. Nc3 Ne7 6. Bg5 Qb6 7. O-O f6 8. Bd2
g5 9. Na4 Qc6 10. Nxc5 Qxc5 11. a3 Bf5 12. c4 d4 13. b4 Qd6 14. Nxg5 c6 15. Nf3
Nd7 16. Nh4 Bg4 17. h3 Bh5 18. c5 Qc7 19. f4 Rg8 20. g4 Bf7 21. fxe5 fxe5 22.
Rf2 Bd5 23. Qf1 O-O-O 24. Bxd5 Nxd5 25. Bh6 Ne3 26. Bxe3 dxe3 27. Rf7 h5 28.
Nf5 Kb8 29. Nd6 hxg4 30. Qf5 gxh3+ 31. Kh2 Rh8 32. Rg1 b6 33. Rgg7 Rhf8 34.
Qxh3 Rxf7 35. Rxf7 bxc5 36. bxc5 Ka8 37. Qxe3 Rh8+ 38. Kg2 Qd8 39. Rg7 Rg8 40.
Qg3 Rxg7 41. Qxg7 Nxc5 42. Qxe5 Qg8+ 43. Kf3 Qf8+ 44. Ke3 Nd7 45. Qe8+ Qxe8+
46. Nxe8 Kb8 47. Kd4 Kc8 48. Nd6+ Kc7 49. Nc4 Nf8 50. e4 Ne6+ 51. Ke5 Kd7 52.
d4 Nc7 53. d5 cxd5 54. exd5 Ne8 55. Kd4 Nc7 56. a4 Na8 57. Kc5 Nc7 58. Ne5+ Kc8
59. d6 Ne6+ 60. Kd5 1-0

[Event "Nagoya Open"]
[Site "?"]
[Date "2005.06.26"]
[Round "5"]
[White "Y.Yokomizo"]
[Black "Y.Suzuki"]
[Result "1-0"]
[WhiteElo "1738"]
[BlackElo "961"]

1. e4 e6 2. d3 d5 3. Qe2 d4 4. g3 e5 5. Bg2 Nf6 6. f4 Nc6 7. Nf3 Bd6 8. fxe5
Nxe5 9. Nxe5 Bxe5 10. O-O O-O 11. Nd2 Be6 12. Nf3 Bg4 13. Qf2 Re8 14. Nxe5 Rxe5
15. Bf4 Re7 16. Bg5 Re5 17. Qf4 Rxg5 18. Qxg5 h6 19. Qf4 Be6 20. Rae1 c5 21. h3
Qd7 22. Kh2 Rf8 23. Rg1 b5 24. b3 a5 25. Bf1 Nh5 26. Qh4 Nf6 27. Be2 b4 28.
Ref1 Nh7 29. Rf2 Ng5 30. Bf1 f6 31. g4 Kh7 32. Qg3 Nf7 33. h4 Nh8 34. e5 f5 35.
g5 hxg5 36. hxg5 g6 37. Rh1 Rf7 38. Kg1+ Kg8 39. Rfh2 Rh7 40. Rxh7 Qxh7 41.
Rxh7 Kxh7 42. Qh4+ Kg8 43. Bh3 Nf7 44. Qf4 Kg7 45. Bg2 Nd8 46. Kf2 Bd7 47. e6
Nxe6 48. Qd6 Nxg5 49. Qxd7+ Kh6 50. Qb5 f4 51. Qxa5 Ne6 52. Qb6 Ng5 53. Qxc5
Kh5 54. Bf3+ Kh4 55. Qxd4 Nh3+ 56. Kg2 g5 57. Qh8# 1-0

[Event "Nagoya Open"]
[Site "?"]
[Date "2005.06.26"]
[Round "6"]
[White "A.Koike"]
[Black "T.Sano"]
[Result "0-1"]
[WhiteElo "1995"]
[BlackElo "2005"]

1. d4 Nf6 2. c4 e6 3. Nc3 c5 4. d5 exd5 5. cxd5 d6 6. e4 g6 7. f4 Bg7 8. Bb5+
Nfd7 9. a4 a6 10. Bd3 Qh4+ 11. g3 Qd8 12. Nf3 O-O 13. O-O Nf6 14. Kg2 Bg4 15.
h3 Bxf3+ 16. Qxf3 Nbd7 17. g4 Rb8 18. Bd2 Qc7 19. b3 Qd8 20. Rae1 Ne8 21. Bc4
Nc7 22. Qd3 Qh4 23. Re2 Bd4 24. Be3 Qf6 25. Bd2 Qg7 26. a5 b5 27. axb6 Rxb6 28.
Na4 Rbb8 29. Ba5 Nb5 30. Bxb5 axb5 31. Bc7 bxa4 32. Bxb8 Rxb8 33. bxa4 Qf8 34.
a5 Qd8 35. Ra2 g5 36. a6 gxf4 37. a7 Ra8 38. Rxf4 Ne5 39. Qa6 c4 40. Qb7 Kg7
41. Rf1 c3 42. Rb1 Qf6 43. Rf1 Qd8 44. Rb1 c2 45. Rxc2 Rxa7 46. Qb3 Rc7 47.
Rxc7 Qxc7 48. Rf1 Nc4 49. Kh1 Ne3 50. Qd3 Nxf1 51. Qxd4+ Kg8 52. Qd3 Qc1 53.
Qa6 Ne3+ 54. Kh2 Qd2+ 55. Kg3 Qg2+ 56. Kf4 Qf2+ 57. Kg5 Ng2 58. Qxd6 Qe3+ 59.
Kf6 Qf3+ 60. Kg5 h6+ 61. Qxh6 Qe3+ 62. Kh5 Nf4+ 63. Kg5 Ne6+ 64. Kh5 Qxh3# 0-1

[Event "Nagoya Open"]
[Site "?"]
[Date "2005.06.26"]
[Round "6"]
[White "K.Looijmans"]
[Black "G.Gonda"]
[Result "0-1"]
[WhiteElo "2175"]
[BlackElo "2044"]

1. e4 e5 2. d4 exd4 3. Nf3 Nc6 4. Nxd4 Bc5 5. Nb3 Bb6 6. a4 a5 7. Nc3 Nf6 8.
Bg5 h6 9. Bh4 g5 10. Bg3 d6 11. Qe2 Qe7 12. h4 Rg8 13. hxg5 hxg5 14. O-O-O Bd7
15. f4 Bg4 16. Qc4 Bxd1 17. Kxd1 O-O-O 18. fxg5 Nd7 19. Nd5 Qxg5 20. Bh4 Qg4+
21. Kc1 Rde8 22. Nxb6+ Nxb6 23. Qxf7 Ref8 0-1

[Event "Nagoya Open"]
[Site "?"]
[Date "2005.06.26"]
[Round "6"]
[White "S.Misaka"]
[Black "K.Noguchi"]
[Result "1-0"]
[WhiteElo "2063"]
[BlackElo "1870"]

1. b3 e5 2. Bb2 d6 3. g3 g6 4. d4 Bg7 5. dxe5 dxe5 6. Qxd8+ Kxd8 7. Bg2 c6 8.
Na3 Be6 9. Nb5 Na6 10. O-O-O+ Kc8 11. Nd6+ Kc7 12. f4 f6 13. fxe5 fxe5 14. Nf3
Bd5 15. e4 Kxd6 16. exd5 c5 17. Kb1 Nh6 18. Nd2 Nf5 19. Nc4+ Kd7 20. d6 Rab8
21. Bxe5 Rhe8 22. Rhe1 b5 23. Bxg7 bxc4 24. Be5 Re6 25. Bf1 Rbe8 26. Bxc4 Rxe5
27. Rxe5 Rxe5 28. Bb5+ Kd8 29. Bxa6 Re6 30. Kc1 Nxd6 31. Bc4 Rf6 32. Rf1 Ke7
33. Rxf6 Kxf6 34. Bd3 h6 35. Kd2 g5 36. Ke3 Nf7 37. a3 Ne5 38. Be2 a5 39. Ke4
Ke6 40. c3 Kd6 41. b4 axb4 42. axb4 cxb4 43. cxb4 Nd7 44. Kf5 Nf8 45. Kf6 Ne6
46. b5 Nd4 47. Bf1 Nf3 48. h3 h5 49. g4 hxg4 50. hxg4 Ne5 51. Kf5 Nxg4 52. Kxg4
Kc5 53. Kxg5 Kb6 54. Kf5 Kb7 55. Ke6 Kc7 56. Kd5 Kb6 57. Kd6 Kb7 58. Kc5 Kc7
59. Bg2 Kc8 60. Kb6 1-0

[Event "Nagoya Open"]
[Site "?"]
[Date "2005.06.26"]
[Round "6"]
[White "S.Ohtake"]
[Black "K.Kawashima"]
[Result "0-1"]
[WhiteElo "1730"]
[BlackElo "1799"]

1. g4 d5 2. Bg2 c6 3. h3 e5 4. d4 e4 5. c4 Bd6 6. Nc3 Ne7 7. Bg5 f6 8. Bd2 a6
9. e3 Be6 10. Nge2 Nd7 11. O-O Nf8 12. c5 Bc7 13. f4 exf3 14. Rxf3 Nfg6 15. Nf4
Bf7 16. Qe1 O-O 17. h4 Re8 18. h5 Nxf4 19. exf4 b6 20. Qh4 bxc5 21. f5 cxd4 22.
Rh3 dxc3 23. Bxc3 d4 24. h6 dxc3 25. hxg7 Qd4+ 26. Kh1 h5 27. bxc3 Qxg4 28.
Qxf6 Bd5 29. Bxd5+ Nxd5 30. Qh4 Qxh4 31. Rxh4 Nf6 32. Rg1 Re2 33. Rg6 Rd8 34.
Rd4 Rde8 35. Rd1 Ng4 36. Kg1 Bb6+ 0-1

[Event "Nagoya Open"]
[Site "?"]
[Date "2005.06.26"]
[Round "6"]
[White "N.Shirasaka"]
[Black "Y.Ozaki"]
[Result "0-1"]
[WhiteElo "1501"]
[BlackElo "1791"]

1. g3 e6 2. Bg2 c5 3. Nf3 d5 4. c4 d4 5. e4 Nc6 6. d3 e5 7. O-O Nf6 8. Na3 Be7
9. Nc2 O-O 10. h3 h6 11. Qe2 Be6 12. a3 a5 13. b3 Ne8 14. Nd2 Nd6 15. Bb2 Bf6
16. f4 g6 17. Ne1 a4 18. Nef3 axb3 19. Nxb3 Qb6 20. Qc2 Ne8 21. f5 Bd7 22. Bc1
g5 23. h4 g4 24. Nh2 h5 25. Bh6 Ng7 26. Rfb1 Nd8 27. Nxd4 Qd6 28. Nb5 Bxb5 29.
Rxb5 Qd4+ 30. Kh1 Qxa1+ 31. Nf1 Qxa3 32. Rb6 Ra6 33. Rxf6 Rxf6 34. Bg5 Rd6 35.
f6 Nge6 36. Qc1 0-1

[Event "Nagoya Open"]
[Site "?"]
[Date "2005.06.26"]
[Round "6"]
[White "N.Takayasu"]
[Black "M.Okada"]
[Result "0-1"]
[WhiteElo "1577"]
[BlackElo "1810"]

1. e4 c5 2. c3 d5 3. exd5 Qxd5 4. d4 Nf6 5. Nf3 e6 6. Be2 Nc6 7. O-O Be7 8. c4
Qd8 9. dxc5 Qa5 10. b3 O-O 11. Bb2 Rd8 12. Qc2 Qxc5 13. a3 a5 14. Nbd2 b6 15.
Ne4 Nxe4 16. Qxe4 f5 17. Qc2 e5 18. Rad1 Be6 19. Rxd8+ Rxd8 20. Rd1 Nd4 21.
Nxd4 exd4 22. Bd3 Bf6 23. f4 g6 24. g3 Bc8 25. Re1 Kf7 26. Qf2 Bb7 27. Re2 Qc6
28. Kf1 Qh1+ 29. Qg1 Qf3+ 30. Qf2 Qxd3 0-1

[Event "Nagoya Open"]
[Site "?"]
[Date "2005.06.26"]
[Round "6"]
[White "Y.Yokomizo"]
[Black "P.Robertson"]
[Result "1-0"]
[WhiteElo "1738"]
[BlackElo "1648"]

1. e4 c5 2. d3 d6 3. g3 g6 4. Bg2 Bg7 5. f4 e6 6. Nf3 Ne7 7. c3 O-O 8. O-O Nbc6
9. Qe2 Qc7 10. Nbd2 Rb8 11. g4 Re8 12. Nh4 b5 13. Ndf3 a6 14. g5 Bb7 15. h3 d5
16. Nh2 Rbd8 17. Ng4 Nf5 18. Qf2 dxe4 19. dxe4 h5 20. exf5 hxg4 21. f6 gxh3 22.
Bxh3 Rd3 23. Bg2 Bf8 24. Be3 Na5 25. Bxb7 Nxb7 26. Rae1 c4 27. Ng2 Nd6 28. Bd4
Rh3 29. Re3 Rh7 30. Be5 Qc5 31. Bxd6 Bxd6 32. Rfe1 Qf5 33. Rf3 Qg4 34. Rg3 Qf5
35. Qf3 Bc5+ 36. Ne3 Rd8 37. Kf1 Bxe3 38. Rxe3 Qd5 39. Qxd5 Rxd5 40. Rg2 Rh4
41. Rf3 Rh1+ 42. Ke2 Kf8 43. Rgf2 Ke8 44. Re3 Kd7 45. Re4 Rhd1 46. Kf3 R5d3+
47. Re3 Rxe3+ 48. Kxe3 Rd3+ 49. Ke4 a5 50. Rh2 b4 51. Rh7 bxc3 52. Rxf7+ Ke8
53. Re7+ Kf8 54. bxc3 Rxc3 55. Kd4 Rc1 56. Rxe6 c3 57. Rc6 c2 58. Kd3 Rf1 59.
Rxc2 Rxf4 60. Rg2 Kf7 61. Ke3 Rf5 62. Ke4 Rb5 63. Kf4 Rf5+ 64. Kg4 Rb5 65. Re2
Rb4+ 66. Kf3 Rb5 67. Re7+ Kf8 68. Kf4 Rb4+ 69. Ke5 Rb5+ 70. Ke6 Rb6+ 71. Kd5
Rb5+ 72. Ke6 Rb6+ 73. Ke5 Rb5+ 74. Kf4 Rf5+ 75. Kg4 Rb5 76. Rg7 Rb4+ 77. Kf3
Ra4 78. Rxg6 Rxa2 79. Rg7 Ra1 80. Kf4 a4 81. Kf5 Rf1+ 82. Kg6 Rf4 83. Ra7 Ke8
84. Kg7 a3 85. f7+ 1-0

[Event "Nagoya Open"]
[Site "?"]
[Date "2005.06.26"]
[Round "6"]
[White "D.Morimoto"]
[Black "A.Kida"]
[Result "1/2-1/2"]
[WhiteElo "1590"]
[BlackElo "1254"]

1. e4 c5 2. Nf3 Nc6 3. Bb5 Qc7 4. O-O Nf6 5. Re1 Ne5 6. Nc3 e6 7. Bf1 a6 8. a4
Be7 9. d4 Nxf3+ 10. gxf3 cxd4 11. Qxd4 Bc5 12. Qd3 O-O 13. e5 Ne8 14. Ne4 Qxe5
15. Ng5 Qf5 16. Qc3 Be7 17. Bd3 Qc5 18. Qxc5 Bxc5 19. Nxh7 Nd6 20. Nxf8 Kxf8
21. c3 a5 22. Re5 b6 23. Be3 Bxe3 24. fxe3 Bb7 25. Kf2 g6 26. Rg5 Ke7 27. e4
Ne8 28. Rb5 Ba6 29. Rd1 Bxb5 30. Bxb5 d6 31. Bxe8 Rxe8 32. c4 Rd8 33. b4 axb4
34. Rb1 b3 35. Rxb3 Ra8 36. Rb4 Kd7 37. Ke3 Kc6 38. Kd3 Rh8 39. Rb2 Rh3 40. Ke3
g5 41. Rg2 f6 42. Rb2 g4 43. Kf4 Rxf3+ 44. Kxg4 Ra3 45. Rb4 Kc5 46. Rb5+ Kxc4
47. Rxb6 Kc5 48. Rb5+ Kd4 49. Rb4+ Ke5 50. h4 f5+ 51. exf5 exf5+ 52. Kh5 f4 53.
Kg4 f3 54. Kg3 d5 55. h5 f2+ 56. Kxf2 Rh3 57. a5 Rxh5 58. Ra4 Rh8 59. a6 Ra8
60. a7 1/2-1/2

[Event "Nagoya Open"]
[Site "?"]
[Date "2005.06.26"]
[Round "6"]
[White "I.Kashiwagi"]
[Black "T.Masui"]
[Result "0-1"]
[WhiteElo "1472"]
[BlackElo "1376"]

1. c4 c6 2. Nc3 d5 3. cxd5 cxd5 4. d4 Nf6 5. Nf3 Nc6 6. g3 g6 7. Bg2 Bg7 8. O-O
O-O 9. Bf4 Nh5 10. Be3 f5 11. Qd2 Nf6 12. Bh6 Ne4 13. Nxe4 dxe4 14. Nh4 Qxd4
15. Qxd4 Nxd4 16. Bxg7 Kxg7 17. f4 Nxe2+ 18. Kf2 Nd4 19. Rfd1 e3+ 20. Kg1 Nc2
21. Rab1 e2 22. Rdc1 e1=Q+ 23. Rxe1 Nxe1 24. Rxe1 e6 25. Rd1 Rb8 26. Nf3 b6 27.
Ne5 Kf6 28. Nc6 Rb7 29. b4 Rd7 30. Rxd7 Bxd7 31. Nxa7 Ba4 32. Kf2 Rd8 33. Ke3
Rd1 34. Nc8 b5 35. Nb6 Rb1 36. Nxa4 bxa4 37. Kd4 Rxb4+ 38. Kc3 Rb6 39. Bf3 e5
40. fxe5+ Kxe5 41. Be2 0-1

[Event "Nagoya Open"]
[Site "?"]
[Date "2005.06.26"]
[Round "6"]
[White "Y.Suzuki"]
[Black "K.Sakamoto"]
[Result "0-1"]
[WhiteElo "961"]
[BlackElo "1306"]

1. e4 e6 2. Nf3 d5 3. d3 c5 4. Nbd2 Nc6 5. g3 Bd6 6. Bg2 Nge7 7. O-O O-O 8. Qe2
f6 9. b3 d4 10. Bb2 e5 11. Nc4 Bc7 12. c3 b5 13. Ncd2 Bb6 14. c4 bxc4 15. Nxc4
Be6 16. Nfd2 a5 17. Nxb6 Qxb6 18. Nc4 Qa6 19. Ba3 Nb4 20. Bxb4 cxb4 21. Rfc1
Nc8 22. Bf1 Nd6 23. Nxd6 Qxd6 24. Qd1 Rfc8 25. Rxc8+ Rxc8 26. Rc1 Rc3 27. Rc2
Qc5 28. Rxc3 bxc3 29. Qc2 Qa3 30. Be2 Qb2 31. Bd1 Bg4 32. Qxb2 cxb2 33. Bc2 Bd1
34. Bb1 Kf7 35. Kf1 Ke6 36. Ke1 Bf3 37. Kd2 Kd6 38. Kc2 Kc5 39. Kxb2 Kb4 40.
Bc2 Be2 41. a3+ Kb5 42. a4+ Kb4 43. Ka2 Kc3 44. b4 Kxc2 45. b5 Bxd3 0-1

[Event "Nagoya Open"]
[Site "?"]
[Date "2005.06.26"]
[Round "4"]
[White "Misaka, S"]
[Black "Shirasaka, N"]
[Result "1-0"]
[WhiteElo "2063"]
[BlackElo "1501"]

1. d4 Nf6 2. c4 c5 3. d5 e6 4. Nc3 exd5 5. cxd5 d6 6. e4 g6 7. f4 Bg7 8. Bb5+
Bd7 9. e5 Bxb5 10. exf6 Qxf6 11. Nxb5 O-O 12. Ne2 Na6 13. O-O Rfe8 14. Kh1 Re7
15. Ng3 Rae8 16. Nc3 Nb4 17. a3 1-0